00430cam a22001452 4500001001100000005001700011008004100028040001500069050002300084100002900107245005600136260003400192300001100226600004700237000000157020151217155812.0070316s xx 000 0 eng d aKABUcKABU 0aDT433.545b.L85M361 aMboya, Paul.@000015042410aLuo kitgi gi timbegi :ba hand book of Luo customs. aNairobi :bEquatorial,c1967. a208 p.10aLuo (African people)xCustoms.@0000148609